Southville International School and Colleges
Your cart is empty.
  • Cart
  • Lists
    Public lists Eva Luna New books Lux_list list_1
    Your lists Log in to create your own lists
  • Log in to your account
  • Your cookies
  • Search history
Southville International School and Colleges
  • Advanced search
  • Recent comments
  • Most popular
  • Libraries

Log in to your account

Log in with GOOGLE


If you do not have an external account, but do have a local account, you can still log in:

  1. Home
  2. MARC view: Wolves eat dogs /
Normal view MARC view ISBD view

Wolves eat dogs / (Record no. 10820)

[ view plain ]
MARC details
000 -LEADER
fixed length control field 01445pam a2200373 a 4500
001 - CONTROL NUMBER
control field 13648505
003 - CONTROL NUMBER IDENTIFIER
control field LC
005 - DATE AND TIME OF LATEST TRANSACTION
control field 20160314153929.0
008 - FIXED-LENGTH DATA ELEMENTS--GENERAL INFORMATION
fixed length control field 040708s2004 nyu 000 1 eng
010 ## - LIBRARY OF CONGRESS CONTROL NUMBER
LC control number 2004052585
020 ## - INTERNATIONAL STANDARD BOOK NUMBER
International Standard Book Number 0684872544 (alk. paper)
035 ## - SYSTEM CONTROL NUMBER
System control number (OCoLC)ocm55981782
040 ## - CATALOGING SOURCE
Original cataloging agency DLC
Transcribing agency DLC
Modifying agency YDX
-- DLC
043 ## - GEOGRAPHIC AREA CODE
Geographic area code e-un---
050 00 - LIBRARY OF CONGRESS CALL NUMBER
Classification number PS 3569 .M5377
Item number .Sm642 2005
082 00 - DEWEY DECIMAL CLASSIFICATION NUMBER
Classification number FIC
Item number Sm5w 2004
100 1# - MAIN ENTRY--PERSONAL NAME
Personal name Smith, Martin Cruz,
Dates associated with a name 1942-
9 (RLIN) 17834
245 10 - TITLE STATEMENT
Title Wolves eat dogs /
Statement of responsibility, etc Martin Cruz Smith.
260 ## - PUBLICATION, DISTRIBUTION, ETC. (IMPRINT)
Place of publication, distribution, etc New York :
Name of publisher, distributor, etc Simon & Schuster,
Date of publication, distribution, etc c2005.
300 ## - PHYSICAL DESCRIPTION
Extent 337 p. :
Dimensions 17 cm.
650 #0 - SUBJECT ADDED ENTRY--TOPICAL TERM
Topical term or geographic name as entry element Renko, Arkady (Fictitious character)
Form subdivision Fiction.
9 (RLIN) 17835
650 #0 - SUBJECT ADDED ENTRY--TOPICAL TERM
Topical term or geographic name as entry element Police
Geographic subdivision Russia (Federation)
-- Moscow
Form subdivision Fiction.
9 (RLIN) 17836
650 #0 - SUBJECT ADDED ENTRY--TOPICAL TERM
Topical term or geographic name as entry element Billionaires
Form subdivision Fiction.
9 (RLIN) 17837
651 #0 - SUBJECT ADDED ENTRY--GEOGRAPHIC NAME
Geographic name Chornobylʹ (Ukraine)
Form subdivision Fiction.
9 (RLIN) 17838
651 #0 - SUBJECT ADDED ENTRY--GEOGRAPHIC NAME
Geographic name Moscow (Russia)
Form subdivision Fiction.
9 (RLIN) 17839
655 #7 - INDEX TERM--GENRE/FORM
Genre/form data or focus term Mystery fiction.
Source of term gsafd
9 (RLIN) 4089
856 42 - ELECTRONIC LOCATION AND ACCESS
Materials specified Publisher description
Uniform Resource Identifier <a href="http://www.loc.gov/catdir/description/simon051/2004052585.html">http://www.loc.gov/catdir/description/simon051/2004052585.html</a>
856 41 - ELECTRONIC LOCATION AND ACCESS
Materials specified Sample text
Uniform Resource Identifier <a href="http://www.loc.gov/catdir/enhancements/fy0645/2004052585-s.html">http://www.loc.gov/catdir/enhancements/fy0645/2004052585-s.html</a>
906 ## - LOCAL DATA ELEMENT F, LDF (RLIN)
a 7
b cbc
c orignew
d 1
e ocip
f 20
g y-gencatlg
942 ## - ADDED ENTRY ELEMENTS (KOHA)
Source of classification or shelving scheme Library of Congress Classification
Koha item type Books
Holdings
Withdrawn status Lost status Source of classification or shelving scheme Damaged status Home library Current library Shelving location Date acquired Source of acquisition Total Checkouts Full call number Barcode Date last seen Copy number Price effective from Koha item type
    Library of Congress Classification   Luxembourg Library Luxembourg Library Fiction Section 09/10/2013 Donation   PS 3569 .M5377 .Sm642 2005 17033 09/10/2013 1 09/10/2013 Books

Wolves eat dogs /

APA

Smith M. C., . (2005). Wolves eat dogs. New York: Simon & Schuster.

Chicago

Smith Martin Cruz, . 2005. Wolves eat dogs. New York: Simon & Schuster.

Harvard

Smith M. C., . (2005). Wolves eat dogs. New York: Simon & Schuster.

MLA

Smith Martin Cruz, . Wolves eat dogs. New York: Simon & Schuster. 2005.

  • Place hold
  • Print
  • Cite
  • Add to your cart (remove)
  • Save record
    BIBTEX Dublin Core MARCXML MARC (non-Unicode/MARC-8) MARC (Unicode/UTF-8) MARC (Unicode/UTF-8, Standard) MODS (XML) RIS
  • More searches
    Search for this title in:
    Other Libraries (WorldCat) Other Databases (Google Scholar) Online Stores (Bookfinder.com) Open Library (openlibrary.org)

Exporting to Dublin Core...

SOUTHVILLE LIBRARY

Southville International School and Colleges Library

1281 Tropical Ave. Cor. Luxembourg St., BF Homes International, Las Pinas City

Tel. No. 8256374 / 252358 Loc. 117/146

Powered by Koha